|
|
|
|
| LEADER |
00000nam0a2200000 4500 |
| 001 |
372473 |
| 005 |
20231102012459.0 |
| 035 |
|
|
|a (RuTPU)RU\TPU\retro\29896
|
| 035 |
|
|
|a RU\TPU\book\153586
|
| 090 |
|
|
|a 372473
|
| 100 |
|
|
|a 20221215d1927 k y0gery50 ba
|
| 101 |
0 |
|
|a ger
|
| 102 |
|
|
|a DE
|
| 105 |
|
|
|a a z 001zy
|
| 200 |
1 |
|
|a Die Theorie der Gruppen von Endlicher Ordnung mit Anwendungen auf Algebraische Zahlen und Gleichungen sowie auf die Kristallographie
|f A. Speiser
|
| 210 |
|
|
|a Berlin
|c Verlag von Julius springer
|d 1927
|
| 215 |
|
|
|a 247 s.
|c il.
|
| 225 |
1 |
|
|a Die Grundlehren der Mathematischen Wissenschaften in Einzeldarstellungen mit Besonderer Berücksichtigung der Anwendungsgebiete
|v Band V
|
| 320 |
|
|
|a Sachverzeichnis: p. 249-251.
|
| 606 |
1 |
|
|a Релятивистская физика
|2 stltpush
|3 (RuTPU)RU\TPU\subj\52451
|9 70884
|
| 610 |
1 |
|
|a физика
|
| 610 |
1 |
|
|a теория
|
| 610 |
1 |
|
|a математические методы
|
| 610 |
1 |
|
|a немецкий язык
|
| 610 |
1 |
|
|a релятивизм
|
| 610 |
1 |
|
|a релятивистская квантовая теория
|
| 675 |
|
|
|a 530.12
|v 3
|
| 700 |
|
1 |
|a Speiser
|b A.
|g Andreas
|
| 801 |
|
1 |
|a RU
|b 63413507
|c 20080825
|g PSBO
|
| 801 |
|
2 |
|a RU
|b 63413507
|c 20230623
|g PSBO
|
| 942 |
|
|
|c BK
|